ბათუმის შოთა რუსთაველის სახელმწიფო უნივერსიტეტის ბიბლიოთეკა

ინგლისური ენის სხელმძღვანელო : ნაწ .1 : / (ბიბ.ჩანაწერი № 38529)

000 -ლიდერი
ფიქსირებული სიგრძის საკონტროლო ველი 01219nam a2200253Ia 4500
001 - საკონტროლო ნომერი
საკონტროლო ველი 4630
003 - საკონტროლო ნომრის იდენტიფიკატორი
საკონტროლო ველი GE_BSU
005 - ბოლო ოპერაციის თარიღი და დრო
საკონტროლო ველი 20190510154414.0
008 - ფიქსირებული სიგრძის მონაცემთა ელემენტები - ზოგადი ინფორმაცია
ფიქსირებული სიგრძის საკონტროლო ველი 181216s2000|||| |||||||||||||| ||geo||
040 ## - კატალოგიზაციის წყარო
Transcribing agency GE_BSU
041 ## - ენის კოდი
Language code of text/sound track or separate title geo
080 ## - უნივერსალური ათობითი კლასიფიკაციის ინდექსი
Universal Decimal Classification number 811.111(075.8) ბ- 84
100 ## - მთავარი ჩანაწერი - პიროვნების სახელი
Personal name ბონკი,ნ.ა.
9 (RLIN) 968
245 ## - ცნობა სათაურის შესახებ
Title ინგლისური ენის სხელმძღვანელო : ნაწ .1 : /
Statement of responsibility, etc ნ.ა.ბონკი ; გ.ა.კოტი ; ნ.ა. ლუკიანოვა ; თარგმნ : მარინა ლოგუა ; რედ : მანანა არჩვაძე
264 ## - წარმოების, გამოცემის, დისტრიბუციის და სხვა ცნობები
გამოცემის, წარმოების, დისტრიბუციის... ადგილი თბილისი .:
გამოცემის, წარმოების, დისტრიბუციის... სახელწოდება აღმაშენებელი,
გამოცემის, წარმოების, დისტრიბუციის... თარიღი 2000.
300 ## - ფიზიკური აღწერა
Extent 640გვ . ;
Dimensions 20 სმ.
653 ## - INDEX TERM--UNCONTROLLED
Uncontrolled term ინგლისური ენის სხელმძღვანელო
653 ## - INDEX TERM--UNCONTROLLED
Uncontrolled term ინგლისური ენა
700 ## - ADDED ENTRY--PERSONAL NAME
Personal name .კოტი, გ.ა.
9 (RLIN) 969
700 ## - ADDED ENTRY--PERSONAL NAME
Personal name ლუკიანოვა, ნ.ა
9 (RLIN) 970
700 ## - ADDED ENTRY--PERSONAL NAME
Personal name ლოგუა, მარინა
Relator term მთარგმნელი
9 (RLIN) 971
700 ## - ADDED ENTRY--PERSONAL NAME
Personal name არჩვაძე , მანანა
Relator term რედაქტორი
9 (RLIN) 972
942 ## - ADDED ENTRY ELEMENTS (KOHA)
Koha item type წიგნი
Source of classification or shelving scheme
ეგზემპლარები
ჩამოწერის სტატუსი დაკარგული ეგზემპლარის სტატუსი კლასიფიკაციის წყარო ან თაროზე გაწყობის სქემა დაზიანების სტატუსი არ გაიცემა მუდმივი მდებარეობა (დაცვის ადგილი) ამჟამინდელი ადგილსამყოფელი თაროზე განთავსების ადგილი შეძენის თარიღი ღირებულება, შესყიდვის ნორმალური ფასი სრული შენახვის შიფრი შტრიხკოდი ბოლო ოპერაციის თარიღი ეგზემპლარის მიმდევრობითი ნომერი (კეტერი?) ფასის ძალაში შესვლის თარიღი ეგზემპლარის სახეობა საჯარო შენიშვნა
          ტექნოლოგიური ფაკულტეტის ბიბლიოთეკა ტექნოლოგიური ფაკულტეტის ბიბლიოთეკა წიგნსაცავი 2018-12-17 15.00 811.111(075.8) ბ- 84 8343 2018-12-17 8343 2018-12-17 წიგნი 15 ლ.
          ტექნოლოგიური ფაკულტეტის ბიბლიოთეკა ტექნოლოგიური ფაკულტეტის ბიბლიოთეკა წიგნსაცავი 2018-12-17 15.00 811.111(075.8) ბ- 84 8344 2018-12-17 8344 2018-12-17 წიგნი 15 ლ.